Obálka Náhled e-knihy:
PDF
Pro půjčování e-knih musíte být přihlášeni.
Jak si půjčit online?

Hviezdni priatelia 8 Skrytá mágia /

Hviezdni priatelia sú zaneprázdnení skúšaním rôznych nových magických schopností. Onedlho sa však miestni obyvatelia začnú meniť - sú zúriví a zlomyseľní. Dokážu dievčatá využiť svoje nové schopnosti na to, aby zistili, čo sa to vlastne deje ešte predtým, než sa všetko vymkne spod kontroly?...

Celý popis

Uloženo v:
Série:Hviezdni priatelia, část 8
Hlavní autor: Chapmanová, Linda (Autor)
Médium: E-kniha
Jazyk:Czech
Vydáno: Praha : Albatros Media Slovakia s.r.o., 2024
Příbuzné jednotky:Z cyklu:: Hviezdni priatelia
Tagy:
Žádné tagy
LEADER 01361nam a22002417i 4500
001 302663
007 ta
008 260514s2024 xr ||||| |||| 00| 0 cze d
020 |a 9788056639672 
044 |a xr 
100 1 |a  Chapmanová, Linda  |4 aut 
245 1 0 |a Hviezdni priatelia 8 Skrytá mágia /  |c  Chapmanová, Linda 
240 1 0 |a Star Friends 8 Hidden Charm 
264 1 |a Praha :  |b Albatros Media Slovakia s.r.o.,  |c 2024 
300 |a 1 online zdroj (160 stran) 
336 |a text  |b txt  |2 rdacontent 
337 |a bez média  |b n  |2 rdamedia 
338 |a online zdroj  |b cr  |2 rdacarrier 
520 2 |a Hviezdni priatelia sú zaneprázdnení skúšaním rôznych nových magických schopností. Onedlho sa však miestni obyvatelia začnú meniť - sú zúriví a zlomyseľní. Dokážu dievčatá využiť svoje nové schopnosti na to, aby zistili, čo sa to vlastne deje ešte predtým, než sa všetko vymkne spod kontroly? 
787 0 8 |g 8  |i Z cyklu:  |t Hviezdni priatelia 
910 |a RBIT002 
998 |d 426845  |a https://core.palmknihy.cz/api/books/426845/cover?tesggu  |b https://core.palmknihy.cz/api/books/426845/cover/400?tesggu  |c https://core.palmknihy.cz/api/books/426845/cover/50?tesggu  |e 2027-09-22  |g 160  |i 9788056639672  |k https://core.palmknihy.cz/api/books/426845/preview.pdf  |l   |q 49  |r 1  |s https://www.palmknihy.cz/kniha/426845  |t ebook  |y 2024  |z 1  |v Hviezdni priatelia  |w 8 
999 |d 302661